000
00258nam a2200109Ia 4500
008
190216s9999||||xx |||||||||||||| ||und||
100
_a
Mark Graubard
245
0
_a
Jaiva Shashthra Adisthnangal
260
_b
Bhasha Institute
650
_a
Botany
942
_c
BK
999
_c
38760
_d
38760